000 00430nam a2200169Ia 4500
008 230711s9999||||xx |||||||||||||| ||und||
041 _aENG
082 _a720
_bFI-L
100 _aFieldhousem,Ken
245 0 _aLandscape design : An international survey 
250 _a1st Ed.
260 _c1992
_aNew Jersy
_bLaurence King Publication Ltd
300 _a240
650 _aArchitecture
700 _aHarvey,Sheila
942 _cBK
999 _c2470
_d2470